[Event "F.S.1st Susannah KLEIN Mem.2008"]
[Site "Budapest"]
[Date "2008.12.06"]
[Round "1.1"]
[White "Dobos, Otto"]
[Black "Klein, Rafael"]
[Result "0-1"]
[WhiteElo "1824"]
[BlackElo "1784"]
[PlyCount "33"]
[EventDate "2008.12.06"]

1. d4 d6 2. Nf3 g6 3. c3 Bg7 4. Bf4 Nc6 5. e3 Bd7 6. Ng5 e5 7. Qb3 Nh6 8. Bc4
O-O 9. dxe5 Na5 10. Nxf7 Nxf7 11. Bxf7+ Rxf7 12. Qd5 dxe5 13. Bxe5 Bxe5 14.
Qxa5 Qf6 15. O-O Bc6 16. f3 Qg5 17. e4 0-1

[Event "F.S.1st Susannah KLEIN Mem.2008"]
[Site "Budapest"]
[Date "2008.12.06"]
[Round "1.1"]
[White "Kantor, Gergely"]
[Black "Mihajlova, Diana"]
[Result "1-0"]
[WhiteElo "1514"]
[BlackElo "1484"]
[PlyCount "49"]
[EventDate "2008.12.06"]

1. e4 e6 2. d4 d5 3. e5 c5 4. c3 Qa5 5. Nd2 cxd4 6. Nb3 Qb6 7. cxd4 Bd7 8. Bd3
Nc6 9. Nf3 Nb4 10. a4 Rc8 11. O-O Ne7 12. Bb1 Ng6 13. Ne1 Rc4 14. a5 Qc7 15.
Nd3 Bb5 16. Nxb4 Rxb4 17. Bd3 Ba4 18. Rxa4 Rc4 19. Bxc4 dxc4 20. Nd2 c3 21. Qc2
Nf4 22. Ne4 Nd5 23. bxc3 Nb4 24. Rxb4 Bxb4 25. Qa4+ 1-0

[Event "F.S.1st Susannah KLEIN Mem.2008"]
[Site "Budapest"]
[Date "2008.12.06"]
[Round "1.1"]
[White "Juhasz, Armin"]
[Black "Kelemen, Lajos dr"]
[Result "1/2-1/2"]
[WhiteElo "1792"]
[BlackElo "1580"]
[PlyCount "153"]
[EventDate "2008.12.06"]

1. d4 Nf6 2. c4 c5 3. Nf3 cxd4 4. Nxd4 e6 5. Nc3 a6 6. g3 Bc5 7. Nb3 Be7 8. Bg2
O-O 9. O-O Nc6 10. Bf4 Nh5 11. Be3 Ne5 12. Nd2 Ng4 13. Nb3 Nxe3 14. fxe3 Bg5
15. Qd3 Rb8 16. Ne4 Be7 17. Qd4 d5 18. Qe5 dxe4 19. Bxe4 Nf6 20. Qxb8 Nxe4 21.
Qf4 Ng5 22. Kg2 b6 23. h4 Bb7+ 24. Kh2 Ne4 25. Rad1 Bd6 26. Qg4 Bxg3+ 27. Kh3
Qc7 28. Rf3 Nf2+ 29. Rxf2 Bxf2 30. h5 Bxe3 31. Rd3 Qf4 32. Qxf4 Bxf4 33. Rd7
Be4 34. Kg4 Be5 35. Nd2 Bf5+ 36. Kf3 Bxb2 37. e4 Bxe4+ 38. Nxe4 f5 39. Nd6 Ba3
40. Kf4 Bb2 41. Rb7 e5+ 42. Kf3 e4+ 43. Ke2 Be5 44. Rxb6 Bxd6 45. Rxd6 Ra8 46.
c5 Kf7 47. c6 a5 48. Rd7+ Kf6 49. c7 Rc8 50. Ke3 h6 51. Kf4 g5+ 52. hxg6 Kxg6
53. Rd6+ Kh5 54. Rc6 a4 55. a3 e3 56. Kxe3 Kg5 57. Kf3 h5 58. Kg3 f4+ 59. Kf3
h4 60. Rc5+ Kf6 61. Kxf4 Ke7 62. Rc4 Kd7 63. Kg4 Rxc7 64. Rxa4 Kd6 65. Kxh4 Kd5
66. Kg3 Kc5 67. Kf3 Kb5 68. Rb4+ Ka5 69. Rb3 Ka4 70. Re3 Rb7 71. Ke2 Rb2+ 72.
Kd1 Ra2 73. Re8 Rxa3 74. Kc2 Ra2+ 75. Kc3 Kb5 76. Rb8+ Kc6 77. Rb2 1/2-1/2

[Event "F.S.1st Susannah KLEIN Mem.2008"]
[Site "Budapest"]
[Date "2008.12.07"]
[Round "1.2"]
[White "Klein, Rafael"]
[Black "Kelemen, Lajos dr"]
[Result "0-1"]
[WhiteElo "1784"]
[BlackElo "1580"]
[PlyCount "64"]
[EventDate "2008.12.06"]

1. e4 d5 2. exd5 Nf6 3. Nc3 c6 4. Nf3 cxd5 5. d4 g6 6. Bg5 Bg7 7. Bb5+ Nc6 8.
Qd2 a6 9. Be2 O-O 10. O-O b5 11. a3 Bb7 12. Ne5 Nxe5 13. dxe5 Ne4 14. Qf4 Nxg5
15. Qxg5 Qc7 16. f4 f6 17. exf6 Bxf6 18. Qg4 d4 19. Qe6+ Kg7 20. Nd5 Bxd5 21.
Qxd5 Rad8 22. Qb3 Qc5 23. Kh1 Rd6 24. Rad1 Rc8 25. Rd2 Rb8 26. Bd3 a5 27. a4
Rdb6 28. Bxb5 Rd6 29. Qg3 Rd5 30. f5 Be5 31. Qg5 Bf6 32. Qg3 Rxf5 0-1

[Event "F.S.1st Susannah KLEIN Mem.2008"]
[Site "Budapest"]
[Date "2008.12.07"]
[Round "1.2"]
[White "Mihajlova, Diana"]
[Black "Juhasz, Armin"]
[Result "0-1"]
[WhiteElo "1484"]
[BlackElo "1792"]
[PlyCount "64"]
[EventDate "2008.12.06"]

1. Nf3 c5 2. c4 Nc6 3. Nc3 g6 4. d4 cxd4 5. Nxd4 Bg7 6. e3 Nf6 7. a3 O-O 8. b4
d5 9. b5 Nxd4 10. exd4 Bf5 11. Bd3 dxc4 12. Bxf5 gxf5 13. O-O Nd5 14. Ne2 Qb6
15. Rb1 Rfd8 16. Be3 Qe6 17. Bf4 Nxf4 18. Nxf4 Qe4 19. Ne2 Bxd4 20. Nxd4 Qxd4
21. Qh5 Qf6 22. Qe2 Rac8 23. Qf3 b6 24. Rfe1 c3 25. Rbc1 c2 26. h3 e6 27. Kh2
Rd5 28. g4 f4 29. g5 Qf5 30. h4 Rd3 31. Qb7 Qh3+ 32. Kg1 f3 0-1

[Event "F.S.1st Susannah KLEIN Mem.2008"]
[Site "Budapest"]
[Date "2008.12.07"]
[Round "1.2"]
[White "Dobos, Otto"]
[Black "Kantor, Gergely"]
[Result "0-1"]
[WhiteElo "1824"]
[BlackElo "1514"]
[PlyCount "100"]
[EventDate "2008.12.06"]

1. d4 d5 2. Nf3 Nf6 3. c3 c5 4. e3 Nc6 5. Bd3 Bg4 6. h3 Bh5 7. Nbd2 e6 8. Qc2
cxd4 9. exd4 Bd6 10. O-O O-O 11. Re1 Qc7 12. Ng5 h6 13. Nh7 Nxh7 14. Bxh7+ Kh8
15. g4 g6 16. gxh5 Kxh7 17. Nf3 Rae8 18. Nh4 Rg8 19. Qd3 Bf4 20. hxg6+ fxg6 21.
Kh1 Bxc1 22. Raxc1 Ref8 23. Rxe6 Rxf2 24. Ng2 Rxb2 25. Rf1 Rxa2 26. Qb1 Qg3 27.
Rf7+ Kh8 28. Qg1 Qxh3+ 29. Qh2 Ra1+ 30. Re1 Rxe1+ 31. Nxe1 Qxh2+ 32. Kxh2 a5
33. Rxb7 Ra8 34. Nd3 a4 35. Rb6 a3 36. Nc1 a2 37. Nb3 Rb8 38. Rxb8+ Nxb8 39.
Kg3 Kg7 40. Kf4 Nc6 41. Ke3 h5 42. Na1 h4 43. c4 dxc4 44. d5 Nd8 45. Kf4 Kf6
46. Nc2 g5+ 47. Kg4 Nf7 48. Kh3 Ne5 49. Na1 Nd3 50. Kg4 Nc1 0-1

[Event "F.S.1st Susannah KLEIN Mem.2008"]
[Site "Budapest"]
[Date "2008.12.08"]
[Round "1.3"]
[White "Kantor, Gergely"]
[Black "Klein, Rafael"]
[Result "1-0"]
[WhiteElo "1514"]
[BlackElo "1784"]
[PlyCount "49"]
[EventDate "2008.12.06"]

1. e4 c5 2. Nf3 d6 3. d4 cxd4 4. Nxd4 Nf6 5. Nc3 e5 6. Bb5+ Bd7 7. Bxd7+ Qxd7
8. Nde2 Nc6 9. O-O Be7 10. Ng3 g6 11. f3 O-O-O 12. Nd5 Nxd5 13. exd5 Nd4 14.
Be3 Bf6 15. c3 Nf5 16. Nxf5 gxf5 17. Bxa7 Qc7 18. Qb3 Rdg8 19. a4 Rg6 20. Rfe1
Rhg8 21. Re2 Bd8 22. a5 Re8 23. Ra4 Qe7 24. Rc4+ Kd7 25. Qb5# 1-0

[Event "F.S.1st Susannah KLEIN Mem.2008"]
[Site "Budapest"]
[Date "2008.12.08"]
[Round "1.3"]
[White "Juhasz, Armin"]
[Black "Dobos, Otto"]
[Result "1/2-1/2"]
[WhiteElo "1792"]
[BlackElo "1824"]
[PlyCount "60"]
[EventDate "2008.12.06"]

1. d4 d5 2. c4 e6 3. Nc3 c6 4. e4 dxc4 5. Bxc4 Nd7 6. Nf3 Nb6 7. Bb3 Be7 8. O-O
Nf6 9. h3 O-O 10. Bf4 a5 11. a3 Kh8 12. Rc1 Bd7 13. Ne5 Be8 14. Qd3 Nfd7 15.
Nxd7 Qxd7 16. Rfd1 Rd8 17. Qg3 Rc8 18. h4 Rg8 19. h5 Bf8 20. Nb1 a4 21. Ba2 Qe7
22. Nd2 Nd7 23. e5 f6 24. Qh3 Bf7 25. Ne4 Qe8 26. Rc4 Nb6 27. Rc2 Nd5 28. Bxd5
exd5 29. Nc5 Bxc5 30. Rxc5 fxe5 1/2-1/2

[Event "F.S.1st Susannah KLEIN Mem.2008"]
[Site "Budapest"]
[Date "2008.12.08"]
[Round "1.3"]
[White "Kelemen, Lajos dr"]
[Black "Mihajlova, Diana"]
[Result "0-1"]
[WhiteElo "1580"]
[BlackElo "1484"]
[PlyCount "56"]
[EventDate "2008.12.06"]

1. d4 Nf6 2. c4 e5 3. dxe5 Ne4 4. Nf3 Bb4+ 5. Bd2 Nxd2 6. Nbxd2 d6 7. Qa4+ Nc6
8. exd6 Qxd6 9. a3 Bxd2+ 10. Nxd2 O-O 11. Ne4 Qe5 12. Qc2 Bf5 13. f3 Nd4 14.
Qb1 Rad8 15. e3 Nb3 16. Ra2 Nd2 17. Qc1 Nxe4 18. fxe4 Qxe4 19. b3 Bg4 20. Kf2
Rfe8 21. Be2 Bd7 22. Bf3 Qh4+ 23. g3 Qf6 24. h3 Bc6 25. Rh2 Qxf3+ 26. Ke1 Qxg3+
27. Kf1 Qf3+ 28. Rhf2 Rd1+ 0-1

[Event "F.S.1st Susannah KLEIN Mem.2008"]
[Site "Budapest"]
[Date "2008.12.09"]
[Round "1.4"]
[White "Klein, Rafael"]
[Black "Mihajlova, Diana"]
[Result "0-1"]
[WhiteElo "1784"]
[BlackElo "1484"]
[PlyCount "54"]
[EventDate "2008.12.06"]

1. e4 e6 2. d4 d5 3. Nc3 dxe4 4. Nxe4 Nd7 5. Nf3 Ngf6 6. Bg5 Be7 7. h4 Nxe4 8.
Bxe7 Qxe7 9. Ne5 Nxf2 10. Kxf2 Qf6+ 11. Kg1 Nxe5 12. dxe5 Qxe5 13. Bd3 Qxb2 14.
Rb1 Qxa2 15. Bb5+ c6 16. Be2 Bd7 17. Rxb7 Rd8 18. Qd6 Qxc2 19. Ba6 Qa4 20. Rh3
Qxa6 21. Rhb3 Qa1+ 22. Kh2 Qf6 23. Rxd7 Qxh4+ 24. Rh3 Rxd7 25. Qb8+ Qd8 26. Qb2
Qc7+ 27. Kh1 Rd1# 0-1

[Event "F.S.1st Susannah KLEIN Mem.2008"]
[Site "Budapest"]
[Date "2008.12.09"]
[Round "1.4"]
[White "Dobos, Otto"]
[Black "Kelemen, Lajos dr"]
[Result "1-0"]
[WhiteElo "1824"]
[BlackElo "1580"]
[PlyCount "51"]
[EventDate "2008.12.06"]

1. d4 Nf6 2. c3 e6 3. Nf3 b6 4. g3 Bb7 5. Bg2 d5 6. O-O Be7 7. Ne5 Nbd7 8. Nxd7
Nxd7 9. Re1 c5 10. e3 O-O 11. Nd2 c4 12. e4 f6 13. exd5 Bxd5 14. Qe2 Rf7 15.
Nxc4 Bxg2 16. Kxg2 e5 17. dxe5 Nxe5 18. Nxe5 Qd5+ 19. Nf3 Qc5 20. Be3 Qc6 21.
Kg1 Re8 22. Nd4 Qc8 23. Qf3 Bc5 24. Nf5 Bxe3 25. Rxe3 Rxe3 26. Nxe3 1-0

[Event "F.S.1st Susannah KLEIN Mem.2008"]
[Site "Budapest"]
[Date "2008.12.09"]
[Round "1.4"]
[White "Kantor, Gergely"]
[Black "Juhasz, Armin"]
[Result "0-1"]
[WhiteElo "1514"]
[BlackElo "1792"]
[PlyCount "90"]
[EventDate "2008.12.06"]

1. e4 c5 2. Nf3 Nc6 3. d4 cxd4 4. Nxd4 d5 5. Nxc6 bxc6 6. exd5 Qxd5 7. Nc3
Qxd1+ 8. Nxd1 e5 9. g3 Bb7 10. Bg2 Bb4+ 11. c3 Bc5 12. Be3 Bb6 13. O-O O-O-O
14. a4 Ne7 15. a5 Bxe3 16. Nxe3 Ba6 17. c4 Rd2 18. b4 Rhd8 19. Rfc1 Kd7 20.
Rab1 Rb8 21. Rd1 Rxd1+ 22. Rxd1+ Kc7 23. Rb1 f6 24. Bf1 Rd8 25. b5 Bb7 26. b6+
axb6 27. axb6+ Kb8 28. c5 Rd4 29. Rc1 g6 30. Rc4 Rd2 31. Ra4 Nd5 32. Nc4 Rc2
33. Ra5 Rc1 34. Nd6 Nb4 35. Ra7 Bc8 36. b7 Rxf1+ 37. Kxf1 Bh3+ 38. Ke2 Kxa7 39.
f3 Be6 40. Ke3 Na6 41. Ne4 f5 42. Ng5 Bg8 43. g4 h6 44. Nh3 fxg4 45. fxg4 Nxc5
0-1

[Event "F.S.1st Susannah KLEIN Mem.2008"]
[Site "Budapest"]
[Date "2008.12.10"]
[Round "1.5"]
[White "Juhasz, Armin"]
[Black "Klein, Rafael"]
[Result "1-0"]
[WhiteElo "1792"]
[BlackElo "1784"]
[PlyCount "60"]
[EventDate "2008.12.06"]

1. d4 d6 2. c4 g6 3. Nc3 Bg7 4. e4 Nc6 5. d5 Nd4 6. Be3 c5 7. Nge2 e5 8. dxe6
Nxe6 9. Nb5 Qa5+ 10. Qd2 Qxd2+ 11. Kxd2 Ke7 12. Kc2 Bh6 13. Rd1 f5 14. exf5
gxf5 15. Nxd6 f4 16. Nf5+ Kf6 17. Nxh6 fxe3 18. Nxg8+ Rxg8 19. fxe3 Ng5 20. Ng3
Bg4 21. Be2 Bxe2 22. Nxe2 Ne4 23. Rhf1+ Ke5 24. Rd5+ Ke6 25. Nf4+ Ke7 26. Re5+
Kf6 27. Rxe4 Kf5 28. Re7 Rae8 29. Nd5+ Kg6 30. Rf6+ Kh5 1-0

[Event "F.S.1st Susannah KLEIN Mem.2008"]
[Site "Budapest"]
[Date "2008.12.10"]
[Round "1.5"]
[White "Kelemen, Lajos dr"]
[Black "Kantor, Gergely"]
[Result "0-1"]
[WhiteElo "1580"]
[BlackElo "1514"]
[PlyCount "30"]
[EventDate "2008.12.06"]

1. d4 Nf6 2. Bg5 e6 3. e4 Be7 4. Nc3 O-O 5. Bd3 h6 6. Be3 Nc6 7. a3 d6 8. Qd2
Ng4 9. Bf4 Nxd4 10. h3 Ne5 11. Bxe5 dxe5 12. Nge2 c5 13. f4 exf4 14. Nxf4 Bh4+
15. Kd1 Bg5 0-1

[Event "F.S.1st Susannah KLEIN Mem.2008"]
[Site "Budapest"]
[Date "2008.12.10"]
[Round "1.5"]
[White "Mihajlova, Diana"]
[Black "Dobos, Otto"]
[Result "1/2-1/2"]
[WhiteElo "1484"]
[BlackElo "1824"]
[PlyCount "60"]
[EventDate "2008.12.06"]

1. e4 e5 2. Nf3 d6 3. d4 exd4 4. Qxd4 Nc6 5. Qa4 Bd7 6. Bc4 Ne5 7. Qb3 Nxc4 8.
Qxc4 b5 9. Qb3 h6 10. O-O c5 11. c4 bxc4 12. Qxc4 Be6 13. Qc3 Qf6 14. e5 dxe5
15. Nxe5 Bd6 16. f4 Ne7 17. Be3 Nd5 18. Qd3 O-O 19. Nd2 Rac8 20. Ne4 Qe7 21.
Nxd6 Qxd6 22. Rad1 Qb6 23. Nc4 Qb8 24. f5 Nb4 25. Qe2 Bxc4 26. Qxc4 Qe5 27. Rf3
Rc6 28. Bd2 Rd8 29. Qf1 Qd4+ 30. Kh1 Qxb2 1/2-1/2

[Event "F.S.1st Susannah KLEIN Mem.2008"]
[Site "Budapest"]
[Date "2008.12.11"]
[Round "2.1"]
[White "Mihajlova, Diana"]
[Black "Kantor, Gergely"]
[Result "0-1"]
[WhiteElo "1484"]
[BlackElo "1514"]
[PlyCount "60"]
[EventDate "2008.12.06"]

1. c4 c5 2. Nc3 Nc6 3. Nf3 Nf6 4. g3 d6 5. Bg2 g6 6. d4 cxd4 7. Nxd4 Qb6 8.
Nxc6 bxc6 9. b3 Bg7 10. Be3 Qc7 11. Qd2 Ng4 12. Bd4 e5 13. Nb5 cxb5 14. Bxa8
exd4 15. cxb5 O-O 16. Rc1 Qb6 17. a4 Bh6 18. f4 Be6 19. Bf3 Ne5 20. Bc6 Bxb3
21. a5 Qd8 22. Qxd4 Nxc6 23. bxc6 Qxa5+ 24. Kf2 Qc7 25. Qc3 Ba4 26. Qc4 Qb6+
27. Kf3 Bb5 28. Qd5 Rc8 29. c7 Ba6 30. e4 Rxc7 0-1

[Event "F.S.1st Susannah KLEIN Mem.2008"]
[Site "Budapest"]
[Date "2008.12.11"]
[Round "2.1"]
[White "Kelemen, Lajos dr"]
[Black "Juhasz, Armin"]
[Result "0-1"]
[WhiteElo "1580"]
[BlackElo "1792"]
[PlyCount "86"]
[EventDate "2008.12.06"]

1. d4 Nf6 2. Bg5 e6 3. e4 h6 4. Bxf6 Qxf6 5. e5 Qg6 6. Nf3 d5 7. Nbd2 c5 8. Nh4
Qg5 9. Nhf3 Qd8 10. Bb5+ Bd7 11. Bxd7+ Nxd7 12. dxc5 Bxc5 13. O-O O-O 14. Nb3
Qc7 15. Nxc5 Qxc5 16. Re1 Rac8 17. c3 Nb6 18. Rc1 Nc4 19. Qe2 Qa5 20. b3 Nb6
21. Qb2 Nd7 22. Nd4 a6 23. b4 Qc7 24. b5 Nxe5 25. Qe2 Nc4 26. bxa6 bxa6 27. Nf3
Rb8 28. Rb1 Rxb1 29. Rxb1 Rb8 30. Ra1 Rb2 31. Qe1 Qa5 32. a4 Rb3 33. Nd4 Rb6
34. h4 e5 35. Nf3 f6 36. g4 Rb3 37. Nd4 Rb2 38. Nc6 Qc7 39. Nd4 Qd7 40. Nf5 Kh7
41. Ne3 Nxe3 42. Qxe3 Qxg4+ 43. Kf1 Qxh4 0-1

[Event "F.S.1st Susannah KLEIN Mem.2008"]
[Site "Budapest"]
[Date "2008.12.12"]
[Round "2.2"]
[White "Kelemen, Lajos dr"]
[Black "Klein, Rafael"]
[Result "1-0"]
[WhiteElo "1580"]
[BlackElo "1784"]
[PlyCount "71"]
[EventDate "2008.12.06"]

1. d4 d6 2. c4 g6 3. Nc3 Bg7 4. e4 Nc6 5. d5 Nd4 6. h3 c5 7. Nge2 Qb6 8. Nxd4
cxd4 9. Nb5 a6 10. c5 dxc5 11. Na3 d3 12. Nc4 Qb4+ 13. Nd2 Bxb2 14. Rb1 c4 15.
Rxb2 Qa5 16. Rb1 c3 17. Bxd3 cxd2+ 18. Bxd2 Qc5 19. O-O Qd4 20. Bc1 Nf6 21. Bb2
Qa7 22. Kh1 Qb8 23. Qf3 O-O 24. Bxf6 Qc7 25. Bd4 f5 26. exf5 Bxf5 27. Rfc1 Bxd3
28. Qxd3 Qf4 29. Be3 Qh4 30. Rxb7 Rf7 31. Rcc7 Raf8 32. Qd2 Rxf2 33. Bxf2 Rxf2
34. Rc8+ Kf7 35. Qd3 Qf4 36. Kg1 1-0

[Event "F.S.1st Susannah KLEIN Mem.2008"]
[Site "Budapest"]
[Date "2008.12.12"]
[Round "2.2"]
[White "Juhasz, Armin"]
[Black "Mihajlova, Diana"]
[Result "1-0"]
[WhiteElo "1792"]
[BlackElo "1484"]
[PlyCount "82"]
[EventDate "2008.12.06"]

1. d4 Nf6 2. Nf3 d6 3. c4 Bf5 4. g3 e5 5. dxe5 Ne4 6. Bg2 Qd7 7. Bf4 dxe5 8.
Qxd7+ Nxd7 9. Bxe5 Bb4+ 10. Bc3 Nxc3 11. Nxc3 Nc5 12. O-O O-O-O 13. Nd5 Na6 14.
a3 Bf8 15. Ne5 Bg6 16. Nxg6 hxg6 17. b4 c6 18. Nf4 Rd2 19. Rfd1 Rxd1+ 20. Rxd1
g5 21. Nd3 Nc7 22. Ne5 f6 23. Nf7 Bxb4 24. Nxh8 Bxa3 25. Bh3+ Ne6 26. Bxe6+ Kc7
27. f4 Bc5+ 28. Kg2 a5 29. fxg5 fxg5 30. Nf7 Be3 31. Kf3 Bc5 32. Nxg5 a4 33.
Ne4 Bb4 34. h4 b6 35. g4 a3 36. c5 bxc5 37. g5 Kb6 38. h5 Kb5 39. h6 c4 40.
hxg7 c3 41. Bb3 c5 1-0

[Event "F.S.1st Susannah KLEIN Mem.2008"]
[Site "Budapest"]
[Date "2008.12.12"]
[Round "2.2"]
[White "Kantor, Gergely"]
[Black "Dobos, Otto"]
[Result "1/2-1/2"]
[WhiteElo "1514"]
[BlackElo "1824"]
[PlyCount "39"]
[EventDate "2008.12.06"]

1. e4 e5 2. Nf3 d6 3. d4 exd4 4. Nxd4 Nf6 5. Nc3 Be7 6. Bd3 O-O 7. O-O Bg4 8.
Qe1 a6 9. Be3 c5 10. Nde2 Be6 11. Ng3 Ng4 12. Bd2 Ne5 13. f4 Nxd3 14. cxd3 Qb6
15. b3 f6 16. Kh1 Nc6 17. Nd1 Nd4 18. Nc3 Rae8 19. Nce2 Nxe2 20. Qxe2 1/2-1/2

[Event "F.S.1st Susannah KLEIN Mem.2008"]
[Site "Budapest"]
[Date "2008.12.13"]
[Round "2.3"]
[White "Klein, Rafael"]
[Black "Kantor, Gergely"]
[Result "0-1"]
[WhiteElo "1784"]
[BlackElo "1514"]
[PlyCount "36"]
[EventDate "2008.12.06"]

1. e4 c5 2. Nf3 d6 3. d4 cxd4 4. Nxd4 Nf6 5. Nc3 g6 6. Be3 Bg7 7. Bc4 O-O 8.
Qd2 Ng4 9. Bg5 Nc6 10. Nxc6 bxc6 11. h3 Ne5 12. Bb3 Ba6 13. O-O-O Re8 14. f4
Nd7 15. g4 Nc5 16. f5 Qa5 17. fxg6 Nxb3+ 18. axb3 Qa1+ 0-1

[Event "F.S.1st Susannah KLEIN Mem.2008"]
[Site "Budapest"]
[Date "2008.12.13"]
[Round "2.3"]
[White "Dobos, Otto"]
[Black "Juhasz, Armin"]
[Result "1/2-1/2"]
[WhiteElo "1824"]
[BlackElo "1792"]
[PlyCount "73"]
[EventDate "2008.12.06"]

1. d4 d5 2. c3 Nf6 3. h3 c5 4. e3 Nc6 5. Nf3 Bf5 6. Nbd2 e6 7. Bb5 Bd6 8. Ne5
Bxe5 9. dxe5 Nd7 10. f4 Qh4+ 11. Kf1 Qg3 12. Qf3 Qxf3+ 13. Nxf3 Rc8 14. Bd2 a6
15. Bxc6 Rxc6 16. Kf2 b5 17. Rhc1 Nb6 18. b3 h6 19. Be1 Ke7 20. h4 c4 21. b4
Na4 22. Nd4 Rc7 23. Nxf5+ exf5 24. Rab1 Nb6 25. Kf3 Ke6 26. g4 g6 27. Bd2 fxg4+
28. Kxg4 h5+ 29. Kf3 Rd8 30. Rd1 Rcd7 31. Be1 Na4 32. Rd4 Kf5 33. a3 Nb6 34.
Kg3 Ke6 35. Kf3 Kf5 36. Kg3 Ke6 37. Kf3 1/2-1/2

[Event "F.S.1st Susannah KLEIN Mem.2008"]
[Site "Budapest"]
[Date "2008.12.13"]
[Round "2.3"]
[White "Mihajlova, Diana"]
[Black "Kelemen, Lajos dr"]
[Result "1-0"]
[WhiteElo "1484"]
[BlackElo "1580"]
[PlyCount "125"]
[EventDate "2008.12.06"]

1. c4 c5 2. Nc3 Nc6 3. Nf3 g6 4. e4 Bg7 5. Qc2 Nf6 6. h3 O-O 7. e5 Ne8 8. Qe4
f5 9. Qd5+ e6 10. Qxc5 b6 11. Qe3 Nb4 12. Kd1 Bb7 13. a3 f4 14. Qe2 Bxf3 15.
gxf3 Nc6 16. b4 Nxe5 17. d4 Nc6 18. Rb1 Nxd4 19. Qe4 Nd6 20. Qd3 Rc8 21. c5
bxc5 22. bxc5 Rxc5 23. Ne4 Nxe4 24. fxe4 Qa5 25. Rb4 Rfc8 26. Bb2 e5 27. Be2
Nxe2 28. Kxe2 Rc2+ 29. Kf3 Qc7 30. Qd5+ Kh8 31. Rb7 Qc5 32. Qxc5 R2xc5 33. Rd1
d5 34. exd5 e4+ 35. Kxf4 Bxb2 36. Rxb2 Rc4 37. d6 Rf8+ 38. Ke3 Rf3+ 39. Ke2 Rd3
40. Rxd3 exd3+ 41. Kxd3 Rc8 42. Rb7 Rd8 43. d7 Kg7 44. Kc4 Kf7 45. Kc5 Ke7 46.
Kc6 h5 47. Rxa7 h4 48. a4 g5 49. f3 Ke6 50. a5 Ke7 51. Rc7 Ke6 52. a6 Ke7 53.
a7 Ke6 54. Kb7 Kd6 55. Kb6 Rf8 56. Rc8 Rxf3 57. d8=Q+ Ke5 58. Rc5+ Kf4 59. Qf8+
Kg3 60. Qxf3+ Kxf3 61. a8=Q+ Kf4 62. Qa4+ Kg3 63. Rxg5+ 1-0

[Event "F.S.1st Susannah KLEIN Mem.2008"]
[Site "Budapest"]
[Date "2008.12.14"]
[Round "2.4"]
[White "Mihajlova, Diana"]
[Black "Klein, Rafael"]
[Result "1-0"]
[WhiteElo "1484"]
[BlackElo "1784"]
[PlyCount "75"]
[EventDate "2008.12.06"]

1. Nf3 d6 2. c4 g6 3. Nc3 Bg7 4. d4 Nc6 5. e4 e5 6. d5 Nd4 7. h3 Ne7 8. Be3 c5
9. b4 cxb4 10. Qa4+ Bd7 11. Qd1 bxc3 12. Nxd4 exd4 13. Bxd4 Bxd4 14. Qxd4 O-O
15. Qxc3 Rc8 16. Rb1 b5 17. Bd3 a6 18. O-O Rc5 19. Qd4 Qb6 20. f4 Rb8 21. Rf3
Rxc4 22. Qxb6 Rxb6 23. Bxc4 Nc8 24. Bd3 b4 25. f5 a5 26. Bc2 a4 27. fxg6 hxg6
28. Rbf1 Be8 29. Re1 Kg7 30. e5 dxe5 31. Rxe5 Nd6 32. h4 Rb8 33. Rg3 Nc4 34.
Re7 Na3 35. Bd1 b3 36. axb3 axb3 37. Bxb3 Kh6 38. Bd1 1-0

[Event "F.S.1st Susannah KLEIN Mem.2008"]
[Site "Budapest"]
[Date "2008.12.14"]
[Round "2.4"]
[White "Kelemen, Lajos dr"]
[Black "Dobos, Otto"]
[Result "1/2-1/2"]
[WhiteElo "1580"]
[BlackElo "1824"]
[PlyCount "35"]
[EventDate "2008.12.06"]

1. d4 d5 2. c4 e6 3. g3 c6 4. cxd5 exd5 5. Bg2 Nf6 6. Nf3 Nbd7 7. a4 Be7 8. O-O
O-O 9. Qc2 Ne4 10. Nbd2 f5 11. e3 Bf6 12. Nb3 Be7 13. Bd2 Nxd2 14. Nfxd2 Rf6
15. Rfe1 Nf8 16. Nf3 Bd6 17. Bf1 Qe7 18. Red1 1/2-1/2

[Event "F.S.1st Susannah KLEIN Mem.2008"]
[Site "Budapest"]
[Date "2008.12.14"]
[Round "2.4"]
[White "Juhasz, Armin"]
[Black "Kantor, Gergely"]
[Result "1/2-1/2"]
[WhiteElo "1792"]
[BlackElo "1514"]
[PlyCount "63"]
[EventDate "2008.12.06"]

1. d4 Nf6 2. Nf3 e6 3. e3 c5 4. Bd3 d5 5. c4 Nc6 6. O-O Bd6 7. Nc3 cxd4 8. exd4
dxc4 9. Bxc4 O-O 10. Bg5 a6 11. Bb3 b5 12. d5 Na5 13. dxe6 fxe6 14. Re1 Nxb3
15. Qxb3 Qb6 16. Rad1 Bc5 17. Be3 Bxe3 18. Rxe3 Ng4 19. Re2 Bb7 20. Qxe6+ Qxe6
21. Rxe6 Bxf3 22. gxf3 Rxf3 23. Rd2 Rf6 24. Re7 Raf8 25. Rdd7 R6f7 26. Rxf7
Rxf7 27. Rd8+ Rf8 28. Rxf8+ Kxf8 29. Nd5 a5 30. a3 Ne5 31. b4 axb4 32. axb4
1/2-1/2

[Event "F.S.1st Susannah KLEIN Mem.2008"]
[Site "Budapest"]
[Date "2008.12.15"]
[Round "2.5"]
[White "Klein, Rafael"]
[Black "Juhasz, Armin"]
[Result "0-1"]
[WhiteElo "1784"]
[BlackElo "1792"]
[PlyCount "56"]
[EventDate "2008.12.06"]

1. e4 c6 2. d4 d5 3. exd5 cxd5 4. c4 Nf6 5. Nc3 Nc6 6. Nf3 Bg4 7. h3 Bxf3 8.
Qxf3 Nxd4 9. Qd1 dxc4 10. Qa4+ Qd7 11. Qxd7+ Nxd7 12. Kd1 Rc8 13. Be3 e5 14. f4
Nf5 15. Bxa7 exf4 16. Nd5 Bd6 17. Rc1 b5 18. b3 Ra8 19. Bg1 Ng3 20. Bh2 Nxh1
21. Ke1 Ng3 22. Bxg3 fxg3 23. bxc4 O-O 24. cxb5 Rfe8+ 25. Be2 Rxa2 26. Nc3 Bb4
27. Kf1 Bxc3 28. Rxc3 Raxe2 0-1

[Event "F.S.1st Susannah KLEIN Mem.2008"]
[Site "Budapest"]
[Date "2008.12.15"]
[Round "2.5"]
[White "Kantor, Gergely"]
[Black "Kelemen, Lajos dr"]
[Result "1-0"]
[WhiteElo "1514"]
[BlackElo "1580"]
[PlyCount "49"]
[EventDate "2008.12.06"]

1. e4 d5 2. exd5 Nf6 3. c4 c6 4. d4 cxd5 5. b3 dxc4 6. bxc4 g6 7. h3 Bg7 8. Nf3
O-O 9. Be2 b6 10. Be3 Bb7 11. Nbd2 Re8 12. Nb3 Nfd7 13. O-O e5 14. d5 Na6 15.
Rc1 Rc8 16. a4 Nac5 17. Nxc5 Nxc5 18. Rb1 Ba8 19. Qc2 Qd6 20. Rb2 Rb8 21. Rfb1
a6 22. a5 b5 23. cxb5 Rbc8 24. b6 Na4 25. Qxa4 1-0

[Event "F.S.1st Susannah KLEIN Mem.2008"]
[Site "Budapest"]
[Date "2008.12.15"]
[Round "2.5"]
[White "Dobos, Otto"]
[Black "Mihajlova, Diana"]
[Result "1/2-1/2"]
[WhiteElo "1824"]
[BlackElo "1484"]
[PlyCount "20"]
[EventDate "2008.12.06"]

1. d4 Nf6 2. Nf3 d5 3. h3 g6 4. c3 Bg7 5. Bf4 Nbd7 6. Ne5 Nh5 7. Bh2 O-O 8. Nd2
e6 9. e4 Qg5 10. Nef3 Qd8 1/2-1/2